Statistics for "K" Antonyms

Click here to take the quiz!

General Stats

  • This quiz has been taken 66 times
  • The average score is 10 of 20

Answer Stats

WordK Antonyms% Correct
BarbieKen
100%
UnrelatedKin
100%
QueenKing
100%
AdultKid
95%
CruelKind
93%
ForgetKnow
80%
GiveKeep
79%
IgnoranceKnowledge
73%
CatKitten
59%
BirthingKilling
46%
RiseKneel
34%
ExtinguishKindle
32%
SaviorKiller
30%
UnravelKnit
30%
PantsKilt
23%
CarefulKlutz
7%
DisrespectKowtow
7%
ReleaseKidnap
5%
StrangeKinky
4%
SeriousKooky
4%

Score Distribution

Percentile by Number Answered

Percent of People with Each Score

Your Score History

You have not taken this quiz